000 00649nam a2200217Ii 4500
001 2934
003 CO-ViMGA
008 241108s9999||||xx |||||||||||||| ||und||
020 _a8476681623
040 _aCO-ViMGA
_bspa
_erda
_cCO-ViMGA
041 0 _aspa
082 0 4 _a133.9013 F288c
100 1 _aIring Fetscher
_948053
245 1 0 _aCondiciones de supervivencia de la humanidad:
_bEs posible salvar el progreso?
264 1 _aMadrid, EspaƱa : Alfa, 1988
300 _avolumen
336 _atext
_btxt
_2rdacontent
337 _aunmediated
_bn
_2rdamedia
338 _avolume
_bnc
_2rdacarrier
940 _aidficha_siabuc: 2869. -- ficha_no_siabuc:2934
999 _c42690
_d42690